Stamp duty and rules of evidence in possession proceedings (Record no. 74097)

MARC details
000 -LEADER
fixed length control field 01991cab a2200349 4500
001 - CONTROL NUMBER
control field ABS67440
008 - FIXED-LENGTH DATA ELEMENTS--GENERAL INFORMATION
fixed length control field 040203n2003 000 0 eng u
035 ## - SYSTEM CONTROL NUMBER
System control number (Sirsi) u124987
100 ## - MAIN ENTRY--PERSONAL NAME
Personal name Loveland, I.
245 ## - TITLE STATEMENT
Title Stamp duty and rules of evidence in possession proceedings
260 ## - PUBLICATION, DISTRIBUTION, ETC.
Date of publication, distribution, etc. 2003
490 ## - SERIES STATEMENT
Series statement The Conveyancer
Volume/sequential designation (67) November/December 2003, 506-515(10)
520 ## - SUMMARY, ETC.
Summary, etc. Examines how the application of the Stamp Act 1891 s14(4) can lead to refusal to accept unstamped tenancy agreements as evidence in residential possession proceedings. Suggests that those seeking to rely thus on unstamped tenancy agreements should not conclude that their case in court is inevitably lost as there are several arguments available to mitigate the effects of s14 of the 1891 Act. Concludes that the purposes of s14 of the Act would be best served by the adoption of the principle arrived at in "In re Coolgardie, Goldfields Ltd" ([1900] 1CL 475) - the stamping of the agreement before the order is drawn up satisfies the statutory obligations - and its extension to include undertakings given by the litigants themselves. Although the abolition of stamp duty by the Finance Act 2003 will lessen the significance of s14 of the 1891 Act, s14 will continue to create difficulties.
590 ## - LOCAL NOTE (RLIN)
Local note ABS
650 ## - SUBJECT ADDED ENTRY--TOPICAL TERM
Topical term or geographic name entry element UNSTAMPED TENANCY AGREEMENTS
650 ## - SUBJECT ADDED ENTRY--TOPICAL TERM
Topical term or geographic name entry element FENGL V FENGL
650 ## - SUBJECT ADDED ENTRY--TOPICAL TERM
Topical term or geographic name entry element BIRCHALL V BULLOGH
650 ## - SUBJECT ADDED ENTRY--TOPICAL TERM
Topical term or geographic name entry element MASON V MOTOR TRACTION CO LTD
650 ## - SUBJECT ADDED ENTRY--TOPICAL TERM
Topical term or geographic name entry element IN RE COOLGARDIE GOLDFIELDS LTD
650 ## - SUBJECT ADDED ENTRY--TOPICAL TERM
Topical term or geographic name entry element CIVIL PROCEDURE RULES PART 55
650 ## - SUBJECT ADDED ENTRY--TOPICAL TERM
Topical term or geographic name entry element R V CITY OF LONDON COURT
650 ## - SUBJECT ADDED ENTRY--TOPICAL TERM
Topical term or geographic name entry element ADMISSIBILITY
650 ## - SUBJECT ADDED ENTRY--TOPICAL TERM
Topical term or geographic name entry element STAMP DUTY
650 ## - SUBJECT ADDED ENTRY--TOPICAL TERM
Topical term or geographic name entry element RULES OF EVIDENCE
650 ## - SUBJECT ADDED ENTRY--TOPICAL TERM
Topical term or geographic name entry element POSSESSION PROCEEDINGS
650 ## - SUBJECT ADDED ENTRY--TOPICAL TERM
Topical term or geographic name entry element PROTECTION FROM EVICTION ACT 1977 S5
650 ## - SUBJECT ADDED ENTRY--TOPICAL TERM
Topical term or geographic name entry element HOUSING ACT 1988 S8
650 ## - SUBJECT ADDED ENTRY--TOPICAL TERM
Topical term or geographic name entry element HOUSING ACT 1988 S21
650 ## - SUBJECT ADDED ENTRY--TOPICAL TERM
Topical term or geographic name entry element STAMP ACT 1891 S14(4)
690 ## - LOCAL SUBJECT ADDED ENTRY--TOPICAL TERM (OCLC, RLIN)
Topical term or geographic name as entry element PROPERTY-RESIDENTIAL PROPERTY-RESIDENTIAL LANDLORD AND TENANT-RESIDENTIAL TENANCIES
942 ## - ADDED ENTRY ELEMENTS (KOHA)
Suppress in OPAC 0
Holdings
Withdrawn status Lost status Source of classification or shelving scheme Damaged status Not for loan Home library Current library Shelving location Date acquired Total Checkouts Full call number Barcode Date last seen Copy number Price effective from Koha item type
    Dewey Decimal Classification     London London Journal article 03/02/2004   ABS67440 124987-1001 06/08/2019 1 06/08/2019 Journal article